Multi-track diplomacy between india and pakistan : (Record no. 16096)

000 -LEADER
fixed length control field 01094nam a2200313 a 4500
001 - CONTROL NUMBER
control field ASIN8173046212
005 - DATE AND TIME OF LATEST TRANSACTION
control field 20170105102932.0
008 - FIXED-LENGTH DATA ELEMENTS--GENERAL INFORMATION
fixed length control field 140826s2005 xxu eng d
020 ## - INTERNATIONAL STANDARD BOOK NUMBER
International Standard Book Number 8173046212 (paperback)
Terms of availability $27.00
020 ## - INTERNATIONAL STANDARD BOOK NUMBER
International Standard Book Number 9788173046216 (paperback)
040 ## - CATALOGING SOURCE
Original cataloging agency 0
050 04 - LIBRARY OF CONGRESS CALL NUMBER
Classification number JZ5534
082 ## - DEWEY DECIMAL CLASSIFICATION NUMBER
Classification number 303.60954
Author Mark SEW 2005
100 1# - MAIN ENTRY--PERSONAL NAME
Personal name Sewak, Manjrika.
245 10 - TITLE STATEMENT
Title Multi-track diplomacy between india and pakistan :
Remainder of title a conceptual framework for sustainable security /
Statement of responsibility, etc. Manjrika Sewak.
260 ## - PUBLICATION, DISTRIBUTION, ETC.
Place of publication, distribution, etc. [S.l.] :
Name of publisher, distributor, etc. Manohar,
Date of publication, distribution, etc. 2005.
300 ## - PHYSICAL DESCRIPTION
Extent 137 p. ;
Dimensions 22 cm.
490 1# - SERIES STATEMENT
Series statement Rcss policy studies.
520 ## - SUMMARY, ETC.
Summary, etc. Fresh study of peace and security issues, India and Pakistan. reviews issues and combines theory with very practical suggestions and analysis.
650 #0 - SUBJECT ADDED ENTRY--TOPICAL TERM
Topical term or geographic name entry element Conflict management
650 #0 - SUBJECT ADDED ENTRY--TOPICAL TERM
Topical term or geographic name entry element Diplomacy
650 #0 - SUBJECT ADDED ENTRY--TOPICAL TERM
Topical term or geographic name entry element India
650 #0 - SUBJECT ADDED ENTRY--TOPICAL TERM
Topical term or geographic name entry element International relations
650 #0 - SUBJECT ADDED ENTRY--TOPICAL TERM
Topical term or geographic name entry element Pakistan
650 #0 - SUBJECT ADDED ENTRY--TOPICAL TERM
Topical term or geographic name entry element Peace
830 #0 - SERIES ADDED ENTRY--UNIFORM TITLE
Uniform title Rcss policy studies.
856 40 - ELECTRONIC LOCATION AND ACCESS
Materials specified Amazon.com
Uniform Resource Identifier <a href="http://www.amazon.com/exec/obidos/ASIN/8173046212/chopaconline-20">http://www.amazon.com/exec/obidos/ASIN/8173046212/chopaconline-20</a>
942 ## - ADDED ENTRY ELEMENTS (KOHA)
Source of classification or shelving scheme
Koha item type Book
Holdings
Withdrawn status Lost status Damaged status Not for loan Collection code Permanent Location Current Location Shelving location Date acquired Total Checkouts Full call number Barcode Date last seen Price effective from Koha item type
          Centre for International Peace & Stability (CIPS) Centre for International Peace & Stability (CIPS) General Stacks 04/01/2014   303.60954 SEW 2005 CIPSD0000114 08/26/2014 08/26/2014 Book
© 2023 Central Library, National University of Sciences and Technology. All Rights Reserved.